A practical approach to commercial conveyancing and property (Record no. 105273)
[ view plain ]
| 000 -LEADER | |
|---|---|
| fixed length control field | 01892cam a2200289 4500 |
| 001 - CONTROL NUMBER | |
| control field | ##L132885 |
| 008 - FIXED-LENGTH DATA ELEMENTS--GENERAL INFORMATION | |
| fixed length control field | 060317n2006 000 0 eng u |
| 020 ## - INTERNATIONAL STANDARD BOOK NUMBER | |
| International Standard Book Number | 0199291500 |
| 035 ## - SYSTEM CONTROL NUMBER | |
| System control number | (Sirsi) u132885 |
| 041 0# - LANGUAGE CODE | |
| Language code of text/sound track or separate title | eng |
| 050 04 - LIBRARY OF CONGRESS CALL NUMBER | |
| Classification number | 346.410438 $2 18 |
| 100 1# - MAIN ENTRY--PERSONAL NAME | |
| Personal name | Abbey, Robert |
| 245 02 - TITLE STATEMENT | |
| Title | A practical approach to commercial conveyancing and property |
| 250 ## - EDITION STATEMENT | |
| Edition statement | 3rd ed. |
| 260 ## - PUBLICATION, DISTRIBUTION, ETC. | |
| Place of publication, distribution, etc. | Oxford |
| Name of publisher, distributor, etc. | Oxford University Press |
| Date of publication, distribution, etc. | 2006 |
| 300 ## - PHYSICAL DESCRIPTION | |
| Extent | xxi, 509p |
| Dimensions | 25cm |
| 350 ## - PRICE (NR) (BK AM CF MU VM SE) [OBSOLETE] | |
| Price | 39.95 |
| 505 2# - FORMATTED CONTENTS NOTE | |
| Formatted contents note | The client -- An introduction to commercial conveyancing and property -- Rent and rent review -- Commercial lease covenants 1 -- Commercial lease covenants 2 -- Miscellaneous lease concerns: enforceability of lease covenants, insolvency and disclaimer, surrender and merger -- Remedies -- The Landlord and Tenant Act 1954 part 2 security of tenure for business tenants and the termination and renewal of business tenancies -- Property development: land acquisition, planning, construction and finance -- Selling and buying tenanted properties -- Revenue law and commercial conveyancing -- Your practice. |
| 520 ## - SUMMARY, ETC. | |
| Summary, etc. | Provides an accessible guide to the complex and diverse area of commercial conveyancing and property law. This new edition takes into account the changes brought about by the reforms to the Landlord and Tenant Act 1954 Part 2, the amendments to the 1987 Use Classes Order, the Enterprise Act 2002, the Standard Commercial Property Conditions, and the replacement of stamp duty with stamp duty land tax. Contains examples, checklists, precedent clauses, and forms. With tables of cases, statutes and statutory instruments. |
| 520 ## - SUMMARY, ETC. | |
| Summary, etc. | Supersedes 2nd edition (ISBN 0199266190) |
| 650 24 - SUBJECT ADDED ENTRY--TOPICAL TERM | |
| Topical term or geographic name entry element | LANDLORD AND TENANT ACT 1954 |
| 650 24 - SUBJECT ADDED ENTRY--TOPICAL TERM | |
| Topical term or geographic name entry element | ENTERPRISE ACT 2002 |
| 690 ## - LOCAL SUBJECT ADDED ENTRY--TOPICAL TERM (OCLC, RLIN) | |
| Topical term or geographic name as entry element | PROPERTY-COMMERCIAL PROPERTY |
| 700 1# - ADDED ENTRY--PERSONAL NAME | |
| Personal name | Richards, Mark |
| 942 ## - ADDED ENTRY ELEMENTS (KOHA) | |
| Suppress in OPAC | 0 |
| Withdrawn status | Lost status | Source of classification or shelving scheme | Damaged status | Not for loan | Home library | Current library | Shelving location | Date acquired | Cost, normal purchase price | Total Checkouts | Full call number | Barcode | Date last seen | Date last checked out | Copy number | Cost, replacement price | Price effective from | Koha item type |
|---|---|---|---|---|---|---|---|---|---|---|---|---|---|---|---|---|---|---|
| Dewey Decimal Classification | London | London | Books | 28/03/2006 | 39.95 | 18 | 346.410438 ABB | 30072815 | 06/08/2019 | 27/01/2010 | 1 | 39.95 | 06/08/2019 | Book |